1445 1209 1646 1520 1993 1654 1675 1009 1693 1139 1182 1647 1941 1290 1710 1500 1866 1662 1877 1778 1930 1527 1256 1236 1083 1686 1623 1186 1666 1233 1305 1531 1443 1684 1374 1188 1893 1909 1253 1097 1520 1602 1115 1706 1265 1157 1673 1742 1881 1435 1887 1559 1340 1928 1612 1929 1809 1274 1318 1705 1919 1154 1549 1707 1321 1685 1767 1986 1711 1700 1940 1455 1159 1671 1710 1061 1236 1220 1112 1215 1069 1640 1143 1943 1539 1177 1270 1226 1363 1907 1272 1702 1184 1295 1850 1729 1410 1755 1995 BCNSPRNW ULIB Ver.6.0+V

เปลี่ยนเป็นภาษาไทย

Change to English
 แสดงรายละเอียดบรรณานุกรม
  กลับหน้าหลัก

Brief Record : Get Marc (ISO 2709) : E-mail record : QR code < ปิดหน้าต่าง
LEADER : 00000nam 2200000uu 4500
001    13399121426
003     ULIB
008    110609s2546 th 000 1 tha d
020    ^a9789749168165
090    ^aรส^bส234ค 2546
100 0  ^aสมคิด สิงสง
245 10 ^aคนกับควายและงานคัดสรร /^cสมคิด สิงสง, สุรชัย จันทิมาธร
250    ^aพิมพ์ครั้งที่ 1
260    ^aกรุงเทพฯ :^bมูลนิธิสถาบันวิชาการ 14 ตุลา,^c2546
300    ^a178 หน้า ;^c21 ซม.
490 0  ^aหนังสือชุด''ตุลาวรรณกรรม''
500    ^aฉลองครบรอบ 30 ปี 14 ตุลา : 2516-2546 ร่วมวาระประวัติศาสตร์''''วัน 14 ตุลา ประชาธิปไตย''''
650  4 ^aเรื่องสั้น^xรวมเรื่อง
650  4 ^aเรื่องสั้นไทย
650  4 ^aกวีนิพนธ์
650  4 ^aกวีนิพนธ์^xรวมเรื่อง
650  4 ^aกวีนิพนธ์ไทย^xรวมเรื่อง
700 0  ^aสุรชัย จันทิมาธร
710 2  ^aมูลนิธิสถาบันวิชาการ 14 ตุลา
945    ^p0^l0^i14362
995    ^aกัณชพร
999    ^aกัณชพร
รายการนี้ยังไม่มีแท็ก
คุณยังไม่ได้ล็อกอิน คุณสามารถมีกิจกรรมร่วมกับเว็บไซต์ได้ แต่ต้องล็อกอินก่อน ::
  ล็อกอิน

รายการสื่อสารสนเทศ

ลำดับที่ ประเภท เลขเรียก/บาร์โค้ด สถานที่ สถานะ
1. วิทยาศาสตร์การแพทย์ และสุขภาพ
วิทยาศาสตร์การแพทย์ และสุขภาพ
รส ส234ค 2546  
  Barcode: 14362
ห้องสมุดวิทยาเขตสวรรค์ประชารักษ์
►นวนิยาย
บนชั้น
  ขอยืม

รายการใกล้เคียง
    หัวเรื่อง [เรื่องสั้น รวมเรื่อง]
    หัวเรื่อง [เรื่องสั้นไทย]
    หัวเรื่อง [กวีนิพนธ์]

BibComment


ยังไม่เคยถูกคอมเมนท์

คอมเมนท์ทรัพยากรรายการนี้
  คอมเมนท์: คนกับควายและงานค..


 Copyright 2026. Bcnsprnw @Library